• 首页
  • 本馆介绍
  • 公告通知
  • 最新文献
  • 馆藏检索
  • 电子资源
  • 读者导购
  • 参考咨询
  • 我的图书馆
  • 登录
  • 详细信息显示
  • 放入我的书架
  • 预约/预借图书
  • 作者相关作品
  • 分类相关作品
  • 丛书相关作品
  • 出版社相关作品

书目信息

  • 表格格式
  • 工作单格式
  • 卡片格式
题名:
美国的文明
    
 
作者: 爱默生 著 ;孙宜学 译
分册:  
出版信息: 桂林   广西师范大学出版社  2002
页数: 371页
开本: 20cm
丛书名: 美国书库
单 册:
中图分类: K712.03
科图分类:
主题词: 美国--文化史
电子资源:
ISBN: 7-5633-3754-7
000 00653nam2 2200229 45
001 0410260886
005 20041026084432.2
010    @a7-5633-3754-7@dCNY19.80
100    @a20041026d2002 km y0chiy0120 ea
101 0  @achi@ceng
105    @a z 000yy
200 1  @a美国的文明@AMei Guo De Wen Ming@f(美)爱默生著@F(Mei)Ai Mo Sheng Zhu@g孙宜学译
210    @a桂林@c广西师范大学出版社@d2002
215    @a371页@d20cm
225    @a美国书库
410    @12001 @a美国书库
606 0  @a美国@x文化史
690    @aK712.03@v4
701  0 @a爱默生@4著
702  0 @a孙宜学@ASun Yi Xue@4译
801    @aCN@bTSTCL@c20041026
905    @b336075-079@dK712.03@e22@f5
    
    美国的文明/(美)爱默生著/孙宜学译.-桂林:广西师范大学出版社,2002
    371页;20cm.-(美国书库)
    
    
    ISBN 7-5633-3754-7:CNY19.80
    
●
相关链接 在E读中查询图书 在五车中查询图书 在当当中查询图书 在豆瓣中查询图书


正题名:美国的文明     索取号:K712.03/22         预约/预借

序号 登录号 条形码 馆藏地/架位号 状态 备注
1 0336075   203360754   第二借阅区/ [索取号:K712.03/22] 在馆    
2 0336076   203360763   第二借阅区/ [索取号:K712.03/22] 在馆    
3 0336077   203360772   第二借阅区/ [索取号:K712.03/22] 在馆    
4 0336078   203360781   第二借阅区/ [索取号:K712.03/22] 在馆    
5 0336079   203360790   第二样本阅览室/ [索取号:K712.03/22] 在馆    
唐山师范学院图书馆 欢迎您!
大连网信软件有限公司© 版权所有